Por una globalización justa: crear oportunidades para todos

Đã lưu trong:
Chi tiết về thư mục
Tác giả của công ty: Comisión Mundial sobre la Dimensión Social de la Globalización (Tác giả)
Định dạng: Sách
Ngôn ngữ:Tiếng Tây Ban Nha
Được phát hành: Ginebra OIT 2004
Phiên bản:1a. ed
Những chủ đề:
Các nhãn: Thêm thẻ
Không có thẻ, Là người đầu tiên thẻ bản ghi này!

MARC

LEADER 00000nam a2200000 a 4500
001 UCK4200
003 CL-VaPUC
008 050527e20040000SZ |||||||||||||||||spa|d
020 |a 922315426X 
082 0 4 |a 303.4  |b COM  |2 21 
110 2 |a Comisión Mundial sobre la Dimensión Social de la Globalización  |e author  |9 492668 
245 1 0 |a Por una globalización justa: crear oportunidades para todos 
250 |a 1a. ed 
300 |a 185 p 
942 |c BK 
945 |d 20050527 00:00:00  |a cmena 
260 |a Ginebra  |b OIT  |c 2004 
650 0 |a Globalización  |9 361930 
650 0 |a Cambio social   |9 256857 
650 0 |a Igualdad de oportunidades  |9 331873 
583 |a last modification  |c 20050527 00:00:00  |k Rodrigo Vera 
999 |c 313141  |d 313139 
952 |0 0  |1 0  |4 0  |6 303_400000000000000_COM_2004  |7 0  |8 A  |9 384242  |a BIBEDU  |b BIBEDU  |d 2019-11-22  |i 4087429  |o 303.4 COM 2004  |p 4087429  |r 2019-11-22  |w 2019-11-22  |y BK  |k EBA